Vận dụng lí luận vào thực tiễn dạy học môn toán ở trường phổ thông : (Sách chuyên khảo dành cho hệ đào tạo Sau Đại học)

Nội dung sách đưa ra cách thức nghiên cứu, vận dụng một số quan điểm, thuyết dạy học, phương pháp dạy học theo hướng tiếp cận phát hiện thông qua khảo sát các kinh nghiệm thực tiễn dạy học toán ở trường phổ thông một cách khoa học....

Täydet tiedot

Tallennettuna:
Bibliografiset tiedot
Päätekijä: Bùi, Văn Nghị
Aineistotyyppi: Kirja
Kieli:Undetermined
Julkaistu: Hà Nội Nxb. Đại học Sư phạm 2014
Aiheet:
Tagit: Lisää tagi
Ei tageja, Lisää ensimmäinen tagi!
Thư viện lưu trữ: Trung tâm Học liệu Trường Đại học Cần Thơ
LEADER 01130nam a2200229Ia 4500
001 CTU_146383
008 210402s9999 xx 000 0 und d
020 |c 36000 
082 |a 510.712 
082 |b Ngh300 
100 |a Bùi, Văn Nghị 
245 0 |a Vận dụng lí luận vào thực tiễn dạy học môn toán ở trường phổ thông : 
245 0 |b (Sách chuyên khảo dành cho hệ đào tạo Sau Đại học) 
245 0 |c Bùi Văn Nghị 
260 |a Hà Nội 
260 |b Nxb. Đại học Sư phạm 
260 |c 2014 
520 |a Nội dung sách đưa ra cách thức nghiên cứu, vận dụng một số quan điểm, thuyết dạy học, phương pháp dạy học theo hướng tiếp cận phát hiện thông qua khảo sát các kinh nghiệm thực tiễn dạy học toán ở trường phổ thông một cách khoa học. 
650 |a Mathematics,Toán 
650 |x Study and teaching,Học và dạy 
904 |i Tuyến 
980 |a Trung tâm Học liệu Trường Đại học Cần Thơ